01591nam a2200373 a 4500001000200000003000900002005001700011007001000028008003600038020001800074040002200092082003100114100001900145245022900164260005300393300003600446490003600482500007000518500002300588500000600611500000600617504003000623534013000653590002900783600003700812650004600849651000600895700004500901710004400946910004000990942001201030952015801042999001701200 DO-SdBNP20240322133909.0000045356150305s2013 mx ac 001 0 spa d a9789681645366 aBPMSUbspacBPMSU 4a232.910972bN359s 20132221 aNebel, Richard10aSanta María Tonantzin, Virgen de Guadalupe:bcontinuidad y transformación religiosa en México / cRichard Nebel ; traducción del alemán por Carlos Warnholtz Bustillos, con la colaboración de Irma Ochoa de Nebel.  aMéxico :bFondo de Cultura Económica, c2013 a445 p. :bil., retrs. ;c25 cm.0 3Sección de obras de historia  aIncluye referencias bibliográficas y notas al pie de páginas aIncluye índice  a  a  aBibliografía p: 369-411 pTítulo original : tSanta María Tonantzin Virgen de Guadalupé. : religiöse Kontinuität und Transformation in Mexiko aInventariado, 2024/VM6  aVirgen de Guadalupe xCulto z  4aIglesia católica zMéxico xHistoria  2 1 aWarnholtz Bustillos, Carlos etraductor 2 aFondo de Cultura Económica (México) aVMateo V. Control de calidad. BPMSU 2ddccBK 00102ddc40708CGaBPMETbBPMETd2024-03-22eFondo de Cultura Económical0oBPMSU CG 232.910972 N359s 2013pBPMSU24030077r2024-03-22w2024-03-22yBK c14615d14615